TUN RAZAK (Record no. 57037)

000 -LEADER
fixed length control field 00506nam a22001817a 4500
003 - CONTROL NUMBER IDENTIFIER
control field MPLRDC
005 - DATE AND TIME OF LATEST TRANSACTION
control field 20220104164542.0
008 - FIXED-LENGTH DATA ELEMENTS--GENERAL INFORMATION
fixed length control field 210129b ||||| |||| 00| 0 eng d
020 ## - INTERNATIONAL STANDARD BOOK NUMBER
International Standard Book Number 967-61-0903-7
082 ## - DEWEY DECIMAL CLASSIFICATION NUMBER
Classification number 783.868 HUS
100 ## - MAIN ENTRY--PERSONAL NAME
Personal name ZAINUDDIN MAIDIN
245 ## - TITLE STATEMENT
Title TUN RAZAK
Statement of responsibility, etc.
250 ## - EDITION STATEMENT
Edition statement 1ST ED.
260 ## - PUBLICATION, DISTRIBUTION, ETC.
Place of publication, distribution, etc. MALAYSIA
Name of publisher, distributor, etc. BOARD OF TRUSTEES, TUN RAZAK FOUNDATION
Date of publication, distribution, etc. 1999
300 ## - PHYSICAL DESCRIPTION
Other physical details 328
650 ## - SUBJECT ADDED ENTRY--TOPICAL TERM
Topical term or geographic name entry element BIOGRAPHIES OF MALAYSIA--ABDUL RAZAK BIN DATO' HUSSEIN TUN RAZAK
942 ## - ADDED ENTRY ELEMENTS (KOHA)
Koha item type Book
-- 783.868 HUS
Holdings
Withdrawn status Lost status Source of classification or shelving scheme Damaged status Not for loan Collection code Home library Current library Shelving location Date acquired Cost, normal purchase price Total Checkouts Full call number Barcode Date last seen Date last checked out Price effective from Koha item type Public note
            Malaysian Public Library, Research and Development Centre Malaysian Public Library, Research and Development Centre   10/12/2007 0.00   783.868 HUS E0001325 18/03/2021 05/06/2014 18/03/2021 Book mplrdc

© 2022. Malaysian Public Library, Research and Development Centre. All Right ReservedE-mailmplrdc@help.edu.my 

Powered by Koha